| 000 | 00661nam a2200205 4500 | ||
|---|---|---|---|
| 999 |
_c194251 _d194251 |
||
| 005 | 20221212142543.0 | ||
| 010 | _aENG-135835 ENG-135836 | ||
| 020 |
_a9788187649348 _c200.00 |
||
| 035 | _aEN-119367 | ||
| 035 | _aEN-119368 | ||
| 037 | _bDBAD/PUB | ||
| 082 | _a821.092 | ||
| 100 | _aVarma, Mahadevi | ||
| 245 |
_aLinks In the Chain/ _cby Mahadevi Varma and Translated by Neera Kuckreja Sohoni |
||
| 260 |
_aNew Delhi _bKatha _c2003 |
||
| 270 |
_aA-3 Sarvodaya Enclave Sri Aurobindo Marg _bNew Delhi _e110017 _macademic@katha.org |
||
| 300 |
_axv, 150p. _c21cm(pbk) |
||
| 700 | _aSohoni, Neera Kuckreja | ||
| 942 |
_2ddc _cEN _h821.092 _mVAR |
||